| 000 | 01889nam a2200385 i 4500 | ||
|---|---|---|---|
| 001 | 60275 | ||
| 003 | CO-BoRNBP | ||
| 005 | 20260120154408.0 | ||
| 007 | ta | ||
| 008 | 250217s2025 ck gr 000 pdspa | ||
| 020 | _a9789587536577 | ||
| 020 |
_a9789587534245 _q(obra completa) |
||
| 040 |
_aCO-BoRNBP _bspa _erda _cCO-BoRNBP |
||
| 041 | 0 | _aspa | |
| 043 | _as-ck--- | ||
| 084 | _aP | ||
| 245 | 1 | 0 |
_aIncendios : _bantología de poesía / _cSilveria Espinosa de Rendón [y otras diecinueve] ; prólogo de Carolina Dávila. |
| 250 | _aPrimera edición | ||
| 264 | 1 |
_aBogotá, Colombia : _bMinisterio de las Culturas, las Artes y los Saberes : _bBiblioteca Nacional de Colombia, _c2025. |
|
| 300 |
_a292 páginas ; _c21 cm |
||
| 336 |
_atexto _btxt _2rdacontenido |
||
| 337 |
_asin mediación _bn _2rdamedio |
||
| 338 |
_avolumen _bnc _2rdasoporte |
||
| 500 | _aIncluye datos biográficos de las autoras | ||
| 520 | 3 | _a"Incendios nos lleva desde las primeras poetas de Colombia que se atrevieron a romper el silencio hasta las contemporáneas que desafiaron las normas y las imposiciones sociales para nombrar lo que estaba prohibido. Reúne escritoras de todas las épocas y procedencias, algunas muy distintas entre sí y con intereses dispares. Una marca, sin embargo, las atraviesa a todas: su indomable valentía". -- Tomado de la fuente. | |
| 650 | 1 | 7 |
_aPoesía colombiana _ySiglos XIX-XX _vColecciones _2rnbp _968180 |
| 650 | 1 | 7 |
_aLiteratura colombiana _ySiglos XIX-XX _vColecciones _2rnbp _963060 |
| 700 | 1 | 0 |
_aEspinosa de Pérez, Matilde, _d1912-2008 _eaut _968181 |
| 700 | 1 | 0 |
_aCastellanos, Dora, _d1924-2023, _eaut _968182 |
| 700 | 1 | 0 |
_aMattei, Olga Elena, _d1933- _eaut _968183 |
| 700 | 1 | 0 |
_aRamírez Nieva, María Teresa, _d1944- _eaut _968184 |
| 700 | 1 |
_aTorres Restrepo, Annabel, _d1948- _eaut _968185 |
|
| 830 |
_aMujeres escritoras colombianas _968119 |
||
| 942 |
_cBKLIT _n0 _2ddc |
||
| 999 |
_c60275 _d60275 |
||